Exposición personal

Salvato in:
Dettagli Bibliografici
Autore principale: Papini, Giovanni (autor)
Natura: Libro
Lingua:spagnolo
Pubblicazione: Barcelona Luis de Caralt 1960
Edizione:3a. ed
Soggetti:
Tags: Aggiungi Tag
Nessun Tag, puoi essere il primo ad aggiungerne!!

MARC

LEADER 00000nam a2200000 a 4500
001 UCZ3639
003 CL-VaPUC
008 951027e19600000SP |||||||||||||||||spa|d
082 0 4 |a 853  |b PAP  |2 21 
100 |a Papini, Giovanni  |e autor   |9 456366 
245 1 0 |a Exposición personal 
250 |a 3a. ed 
300 |a 239 p 
942 |c BK 
945 |d 19951027 00:00:00  |a rleighto 
260 |a Barcelona  |b Luis de Caralt  |c 1960 
650 0 |a Autobiografías   |9 265171 
650 0 |a Prosa italiana  |9 267269 
583 |a last modification  |c 19951027 00:00:00  |k Rodrigo Vera 
999 |c 240094  |d 240092 
952 |0 0  |1 0  |4 0  |6 853_000000000000000_PAP_1960  |7 0  |8 P  |9 251700  |a BIBEDU  |b BIBEDU  |c BIBEDU_PB  |d 2019-11-18  |i 3104486  |o 853 PAP 1960  |p 3104486  |r 2024-01-25  |w 2019-11-18  |y BK  |k FIL